Modality and the English modals /

Bibliographic Details
Main Author: Palmer, F. R. (Frank Robert)
Format: Book
Language:English
Published: London ; New York : Longman, 1979.
Series:Longman linguistics library ; no. 23.
Subjects:

MARC

Tag First Indicator Second Indicator Subfields
LEADER 00000cam a22000008i 4500
001 in00000063741
005 20151008050646.0
008 780814s1979 enk 00110 eng
010 |a  78040698  
015 |a GB79 
020 |a 0582551099 :  |c 6.00. 
020 |a 0582551080 (pbk. :)  |c 4.00 
035 |a (OCoLC)04193508 
035 |9 AAG2459AM 
040 |a DLC  |c DLC  |d TXA  |d UtOrBLW 
049 |a TXAM  |c [1159946] 
050 0 0 |a PE1315.M6  |b P3 
082 0 |a 425 
100 1 |a Palmer, F. R.  |q (Frank Robert) 
245 1 0 |a Modality and the English modals /  |c F. R. Palmer. 
264 1 |a London ;  |a New York :  |b Longman,  |c 1979. 
300 |a xi, 196 pages ;  |c 23 cm. 
336 |a text  |b txt  |2 rdacontent 
337 |a unmediated  |b n  |2 rdamedia 
338 |a volume  |b nc  |2 rdacarrier 
490 1 |a Longman linguistics library ;  |v  no. 23 
500 |a Includes index. 
504 |a Bibliography: pages [186]-190. 
650 0 |a English language  |x Verb. 
650 0 |a English language  |x Modality. 
830 0 |a Longman linguistics library ;  |v  no. 23. 
999 |a MARS 
999 f f |s 1ddcf9ca-4611-3872-a79e-e45ead84a495  |i 1798b58d-e14f-3449-8647-bb9a98b983c4  |t 0 
952 f f |p ric  |a Texas A&M University  |b Rellis Campus  |c Joint Library Facility  |s JLF  |d Remote Storage  |t 0  |e PE1315.M6 P3  |h Library of Congress classification  |i unmediated -- volume  |m A14803591455 
998 f f |a PE1315.M6 P3  |t 0  |l Remote Storage